000 00467cam a2200157 4500500
005 20260329002525.0
041 _afre
042 _adc
100 1 0 _aDuru, Martin
_eauthor
245 0 0 _aEthno-Roman
260 _c2012.
500 _a19
690 _aTobie Nathan
786 0 _nPhilosophie magazine | 63 | 10 | 2012-10-01 | p. 69-69 | 1951-1787
856 4 1 _uhttps://shs.cairn.info/magazine-philosophie-magazine-2012-10-page-69?lang=fr&redirect-ssocas=7080
999 _c1815832
_d1815832